000 00432pab a2200169 454500
008 180718b2005 xxu||||| |||| 00| 0 eng d
100 _aSingh, Raminder
245 _aPrivatization of higher education in the era of globalization
260 _c2005
300 _ap.9-11.
362 _a22 Aug
650 _aGlobalization
650 _aPrivatization
650 _aHigher education
773 _aUniversity News
909 _a66719
999 _c66719
_d66719